Online
Catalog

Nociones de historia de la cultura / (Record no. 11129)

MARC details
000 -CABECERA
campo de control de longitud fija 00364nam a2200121 a 4500
001 - NÚMERO DE CONTROL
campo de control 000011426
005 - FECHA Y HORA DE LA ÚLTIMA TRANSACCIÓN
campo de control 20200929162441.0
008 - DATOS DE LONGITUD FIJA--INFORMACIÓN GENERAL
campo de control de longitud fija 091016s1953 sp 001 0 spa d
040 ## - FUENTE DE LA CATALOGACIÓN
Centro catalogador/agencia de origen DO-SdBNP
100 1# - ENTRADA PRINCIPAL--NOMBRE DE PERSONA
Nombre de persona Asián Peña, José L.
Forma completa/desarrollada del nombre (José Luis)
9 (RLIN) 27098
245 10 - MENCIÓN DE TÍTULO
Título Nociones de historia de la cultura /
Mención de responsabilidad, etc. José L. Asián Peña.
260 ## - PUBLICACIÓN, DISTRIBUCIÓN, ETC.
Lugar de publicación, distribución, etc. Barcelona :
Nombre del editor, distribuidor, etc. Bosch,
Fecha de publicación, distribución, etc. 1953.
Holdings
Estado de retiro Estado de pérdida Restricciones de uso No para préstamo Código de colección Localización permanente Ubicación/localización actual Ubicación en estantería Fecha de adquisición Número de inventario Total de préstamos Signatura topográfica completa Código de barras Fecha visto por última vez Precio válido a partir de Tipo de ítem Koha
    Préstamo interno   Monografías: Libros y Folletos General General En catalogación 16.10.2009 LF1   11426-10 25.06.2020 25.06.2020 Préstamo interno

Powered by Koha